01391 a2200265 4500003000500000005001700005010001600022020001500038040000900053082001200062100003000074245011000104250001200214260003100226300003300257500000600290505059400296650002200890650001300912650001700925700002900942942001300971999001900984952012201003Nust20221007174358.0 a 87034604 a0471637572 cNust00a697,MCQ1 aMcQuiston, Faye C.98694310aHeating, ventilating, and air conditioning :banalysis and design /cFaye C. McQuiston, Jerald D. Parker. a3rd ed. aNew York :bWiley,cc1988. axx, 746 p. :bill. ;c24 cm. a. aIntroduction (Page-1), Air-Conditioning Systems (Page-12), Moist Air Properties and Conditioning Processes (Page-50), Comfort and Health (Page-97), Heat Transmission in Building Structure (Page-131), Solar Radiation (Page-177)Space Heat Load (Page-206), The Cooling Load (Page-245), Fluid Flow, Pumps, and Piping Design (Page-330), Room Air Distribution (Page-390), Fans and Building Air Distribution (Page-423).Mass Transfer and the Measurement of Humidity (Page-511). Direct Contact Heat and Mass Tranfer (Page-529), Extended Surface Heat Exchangers (Page-548), Refrigeration (Page-608). 0aAir conditioning. 0aHeating. 0aVentilation.1 aParker, Jerald D.999522 cREF2ddc c176050d176050 00102ddc4070aMCSbMCScREFd2016-12-12o697,MCQpMCS20876r2016-12-08w2016-12-12yREFzAlmirah No.24, Shelf No.6